Bioinformatics / (Record no. 194410)

MARC details
000 -LEADER
fixed length control field 00700nam a2200229Ia 4500
005 - DATE AND TIME OF LATEST TRANSACTION
control field 20220829114544.0
008 - FIXED-LENGTH DATA ELEMENTS--GENERAL INFORMATION
fixed length control field 210716s2010 xx 000 0 und d
020 ## - INTERNATIONAL STANDARD BOOK NUMBER
International Standard Book Number 9788184894776
040 ## - CATALOGING SOURCE
Transcribing agency AIMIT LIBRARY
041 ## - LANGUAGE CODE
Language code of text/sound track or separate title eng
082 ## - DEWEY DECIMAL CLASSIFICATION NUMBER
Classification number 574.80285
Edition number 1
Item number POLA
100 ## - MAIN ENTRY--PERSONAL NAME
Personal name Polanski, Andrzej.
9 (RLIN) 55871
245 ## - TITLE STATEMENT
Title Bioinformatics /
Statement of responsibility, etc. By Andrzej Polanski and Marek Kimmel.
250 ## - EDITION STATEMENT
Edition statement 1st ed.
260 ## - PUBLICATION, DISTRIBUTION, ETC.
Place of publication, distribution, etc. New Delhi :
Name of publisher, distributor, etc. Springer ,
Date of publication, distribution, etc. 2010.
300 ## - PHYSICAL DESCRIPTION
Extent xvii, 376p. ;
Dimensions 23.5 cm.
650 ## - SUBJECT ADDED ENTRY--TOPICAL TERM
Topical term or geographic name entry element Mathematical and computational methods
9 (RLIN) 55872
650 ## - SUBJECT ADDED ENTRY--TOPICAL TERM
Topical term or geographic name entry element Applications
9 (RLIN) 55873
650 ## - SUBJECT ADDED ENTRY--TOPICAL TERM
Topical term or geographic name entry element DNA Microarrays
9 (RLIN) 55874
700 ## - ADDED ENTRY--PERSONAL NAME
Personal name Kimmel, Marek.
9 (RLIN) 55875
942 ## - ADDED ENTRY ELEMENTS (KOHA)
Source of classification or shelving scheme Dewey Decimal Classification
Koha item type Book
Edition 1st
Call number prefix 574.80285 POLA
Holdings
Withdrawn status Lost status Source of classification or shelving scheme Damaged status Not for loan Collection code Home library Current library Source of acquisition Cost, normal purchase price Inventory number Total Checkouts Full call number Barcode Date last seen Cost, replacement price Price effective from Koha item type
    Dewey Decimal Classification     MCA St Aloysius Institute of Management & Information Technology St Aloysius Institute of Management & Information Technology Athulya Books 595.00 Bill no:ABK 505; Bill dt:2010-09   574.80285 POLA MCA10414 07/21/2025 446.25 07/16/2021 Book
    Dewey Decimal Classification     MCA St Aloysius Institute of Management & Information Technology St Aloysius Institute of Management & Information Technology Athulya Books 595.00 Bill no:ABK 544; Bill dt:2010-09   574.80285 POLA MCA10459 07/21/2025 446.25 07/16/2021 Book
    Dewey Decimal Classification     MCA St Aloysius Institute of Management & Information Technology St Aloysius Institute of Management & Information Technology Knowledge World 595.00 Bill no:432; Bill dt:2015-03-03   574.80285 POLA MCA13917 07/21/2025 446.25 07/16/2021 Book
    Dewey Decimal Classification     MCA St Aloysius Institute of Management & Information Technology St Aloysius Institute of Management & Information Technology Knowledge World 595.00 Bill no:432; Bill dt:2015-03-03   574.80285 POLA MCA13918 07/21/2025 446.25 07/16/2021 Book